Introducción a la dinámica keynesiana / (Registro nro. 5733)
[ vista simple ]
| 000 -LEADER | |
|---|---|
| fixed length control field | 01062nam a2200277Ia 4500 |
| 003 - CONTROL NUMBER IDENTIFIER | |
| control field | OSt |
| 005 - DATE AND TIME OF LATEST TRANSACTION | |
| control field | 20200625195747.0 |
| 008 - FIXED-LENGTH DATA ELEMENTS--GENERAL INFORMATION | |
| fixed length control field | 191128s1967 mx ad gr 000 0 spa d |
| 040 ## - CATALOGING SOURCE | |
| Original cataloging agency | CO-JMCR |
| Transcribing agency | CO-JMCR |
| 041 1# - LANGUAGE CODE | |
| Language code of text/sound track or separate title | spa |
| Language code of original | eng |
| 082 04 - DEWEY DECIMAL CLASSIFICATION NUMBER | |
| Classification number | 330.156 / |
| Item number | K968i |
| Edition number | 23 |
| 100 1# - MAIN ENTRY--PERSONAL NAME | |
| Personal name | Kurihara, Kenneth. K., |
| Relator term | autor |
| 9 (RLIN) | 6242 |
| 245 10 - TITLE STATEMENT | |
| Title | Introducción a la dinámica keynesiana / |
| Statement of responsibility, etc. | Kenneth K. Kurihara ; traducción al español Francisco Rostro |
| 250 ## - EDITION STATEMENT | |
| Edition statement | Primera edición |
| 260 ## - PUBLICATION, DISTRIBUTION, ETC. | |
| Place of publication, distribution, etc. | México : |
| Name of publisher, distributor, etc. | Fondo de Cultura Económica, |
| Date of publication, distribution, etc. | 1967. |
| 300 ## - PHYSICAL DESCRIPTION | |
| Extent | 225 páginas : |
| Other physical details | gráficos a blanco y negro ; |
| Dimensions | 20 cm. |
| 490 0# - SERIES STATEMENT | |
| Series statement | Sección de obras de economía |
| 505 0# - FORMATTED CONTENTS NOTE | |
| Formatted contents note | Relaciones funcionales básicas -- Conducta dinámica del ingreso -- Dinámica económica secular |
| 534 ## - ORIGINAL VERSION NOTE | |
| Introductory phrase | Introduction to Keynesian dynamics |
| 546 ## - LANGUAGE NOTE | |
| Language note | Traducido del inglés |
| 650 14 - SUBJECT ADDED ENTRY--TOPICAL TERM | |
| Topical term or geographic name entry element | Keynes, John Maynard, |
| Chronological subdivision | 1883-1946 |
| 9 (RLIN) | 6243 |
| 650 24 - SUBJECT ADDED ENTRY--TOPICAL TERM | |
| Topical term or geographic name entry element | Teoría económica |
| 9 (RLIN) | 6244 |
| 650 24 - SUBJECT ADDED ENTRY--TOPICAL TERM | |
| Topical term or geographic name entry element | Estadística |
| General subdivision | dinámica |
| 9 (RLIN) | 6245 |
| 700 1# - ADDED ENTRY--PERSONAL NAME | |
| Personal name | Rostro, Francisco, |
| Relator term | traductor |
| 9 (RLIN) | 6047 |
| 942 ## - ADDED ENTRY ELEMENTS (KOHA) | |
| Source of classification or shelving scheme | Dewey Decimal Classification |
| Koha item type | Books |
| Withdrawn status | Lost status | Source of classification or shelving scheme | Materials specified (bound volume or other part) | Damaged status | Not for loan | Home library | Current library | Shelving location | Date acquired | Source of acquisition | Cost, normal purchase price | Total Checkouts | Full call number | Barcode | Date last seen | Copy number | Price effective from | Koha item type |
|---|---|---|---|---|---|---|---|---|---|---|---|---|---|---|---|---|---|---|
| Dewey Decimal Classification | Donación--15/04/2018-- | Biblioteca Pública José María del Castillo y Rada | Biblioteca Pública José María del Castillo y Rada | General Stacks | 11/28/2019 | Donación | 0.00 | 330.156 / K968i | 430004072 | 05/16/2024 | Ej.1 | 11/28/2019 | Books |